| 000 | 00414nam a22001337a 4500 | ||
|---|---|---|---|
| 008 | 240910b |||||||| |||| 00| 0 eng d | ||
| 040 |
_aNational Science Library _cNational Science Library |
||
| 080 |
_aR 685.3(038)=30 _bK6 |
||
| 100 | _aKnebel, Gerhard | ||
| 245 | _aTechnisches worterbuch fur die schuhindustrie | ||
| 260 |
_aHeidelberg: _bAlfred Huthig Verlag, _c1966 |
||
| 300 | _a304p. | ||
| 942 |
_2udc _cREF |
||
| 999 |
_c66565 _d66565 |
||